000 00673 a2200217 4500
003 UA-OsUOA
005 20260507140646.0
008 260507b un ||||| |||| 00| 0 ukr d
040 _aUA-OsUOA
_beng
_cUA-OsUOA
_dUA-OsUOA
041 _aeng
080 _a82-94
090 _a82-94
_bK48
100 _aKiriak I.
_925193
245 _aSons of the Soil
260 _c1983
_aWinnipeg
_bSt. Andrew`s College in Winnipeg
300 _a303 p.
650 _2UDC
_a82 Література. Літературознавство
_915
942 _cBK
_2udc
955 _a3
999 _c580659
_d580659